Evergreen : (Record no. 3854)
[ view plain ]
| 000 -LEADER | |
|---|---|
| fixed length control field | nam a22 7a 4500 |
| 005 - DATE AND TIME OF LATEST TRANSACTION | |
| control field | 20170524095100.0 |
| 008 - FIXED-LENGTH DATA ELEMENTS--GENERAL INFORMATION | |
| fixed length control field | 170524b1984 mau||||| |||| 00| 0 eng d |
| 020 ## - INTERNATIONAL STANDARD BOOK NUMBER | |
| International Standard Book Number | 039534107 |
| 020 ## - INTERNATIONAL STANDARD BOOK NUMBER | |
| International Standard Book Number | 0395356148 |
| 040 ## - CATALOGING SOURCE | |
| Original cataloging agency | AKMAL |
| 082 ## - DEWEY DECIMAL CLASSIFICATION NUMBER | |
| Classification number | 808.042 FAW |
| 090 ## - LOCALLY ASSIGNED LC-TYPE CALL NUMBER (OCLC); LOCAL CALL NUMBER (RLIN) | |
| Classification number (OCLC) (R) ; Classification number, CALL (RLIN) (NR) | 808.042 |
| Local cutter number (OCLC) ; Book number/undivided call number, CALL (RLIN) | FAW |
| 100 1# - MAIN ENTRY--PERSONAL NAME | |
| Personal name | Fawcett, Susan |
| 9 (RLIN) | 7609 |
| 245 10 - TITLE STATEMENT | |
| Title | Evergreen : |
| Remainder of title | a guide to writing with readings / |
| Statement of responsibility, etc. | Susan Fawcett |
| 250 ## - EDITION STATEMENT | |
| Edition statement | 2nd ed. |
| 264 ## - PRODUCTION, PUBLICATION, DISTRIBUTION, MANUFACTURE, AND COPYRIGHT NOTICE | |
| Place of production, publication, distribution, manufacture | Boston, MA : |
| Name of producer, publisher, distributor, manufacturer | Cengage, |
| Date of production, publication, distribution, manufacture, or copyright notice | 1984 |
| 300 ## - PHYSICAL DESCRIPTION | |
| Extent | 414p |
| Dimensions | cm |
| 500 ## - GENERAL NOTE | |
| General note | Includes index and rhetorical index |
| 942 ## - ADDED ENTRY ELEMENTS (KOHA) | |
| Source of classification or shelving scheme | |
| Koha item type | Book |
| Withdrawn status | Lost status | Source of classification or shelving scheme | Damaged status | Not for loan | Collection code | Home library | Current library | Shelving location | Date acquired | Inventory number | Total Checkouts | Full call number | Barcode | Date last seen | Price effective from | Koha item type |
|---|---|---|---|---|---|---|---|---|---|---|---|---|---|---|---|---|
| NON-FICTION | AKMAL Melaka | AKMAL Melaka | PINJAMAN | 24.05.2017 | 800186 | 808.042 FAW | 201704988 | 24.05.2017 | 24.05.2017 | Book |
